La integración del currículum (Record no. 19987)

MARC details
000 -LEADER
campo de control de longitud fija 00944nmc a2200289 a 4500
003 - IDENTIFICADOR DE NÚMERO DE CONTROL
campo de control AR-BaBNM
005 - FECHA Y HORA DE LA ÚLTIMA TRANSACCIÓN
campo de control 20251128211520.0
008 - DATOS DE LONGITUD FIJA--INFORMACIÓN GENERAL
campo de control de longitud fija 275020s2005 ||||||||||||||000 | spa||
020 ## - NÚMERO INTERNACIONAL ESTÁNDAR DEL LIBRO
Número Internacional Estándar del Libro 978-847112-494-4
040 ## - FUENTE DE CATALOGACIÓN
Centro/agencia transcriptor AR-BaBNM
100 1# - ENTRADA PRINCIPAL--NOMBRE DE PERSONA
Nombre de persona Beane, James A.
245 10 - MENCIÓN DEL TÍTULO
Título La integración del currículum
Resto del título el diseño del núcleo de la educación democrática
260 ## - PUBLICACIÓN, DISTRIBUCIÓN, ETC.
Lugar de publicación, distribución, etc. Madrid
Nombre del editor, distribuidor, etc. Ministerio de Educación y Ciencia
Fecha de publicación, distribución, etc. 2005
Nombre del editor, distribuidor, etc. Morata
300 0# - DESCRIPCIÓN FÍSICA
Extensión 151 p.
490 #0 - MENCIÓN DE SERIE
Mención de serie Pedagogía. Educación infantil y primaria
Designación de volumen o secuencia v. 41
500 0# - NOTA GENERAL
Nota general Contiene índice de autores y materias
504 ## - NOTA DE BIBLIOGRAFÍA, ETC.
Nota de bibliografía, etc. Nota Contiene referencias bibliográficas p. 135-144
650 #4 - PUNTO DE ACCESO ADICIONAL DE MATERIA--TÉRMINO DE MATERIA
Término de materia o nombre geográfico como elemento de entrada CURRICULO
650 #4 - PUNTO DE ACCESO ADICIONAL DE MATERIA--TÉRMINO DE MATERIA
Término de materia o nombre geográfico como elemento de entrada PLANIFICACION DEL CURRICULO
650 #4 - PUNTO DE ACCESO ADICIONAL DE MATERIA--TÉRMINO DE MATERIA
Término de materia o nombre geográfico como elemento de entrada DESARROLLO DEL CURRICULO
653 #0 - TÉRMINO DE INDIZACIÓN--NO CONTROLADO
Término no controlado ORGANIZACION CURRICULAR
653 #0 - TÉRMINO DE INDIZACIÓN--NO CONTROLADO
Término no controlado CONTENIDOS CURRICULARES
653 #0 - TÉRMINO DE INDIZACIÓN--NO CONTROLADO
Término no controlado INTEGRACION DE AREAS
653 #0 - TÉRMINO DE INDIZACIÓN--NO CONTROLADO
Término no controlado TEORIA DEL CURRICULUM
942 ## - ELEMENTOS DE ENTRADA SECUNDARIOS (KOHA)
Tipo de ítem Koha Libros
998 ## - INFORMACIÓN DE CONTROL LOCAL (RLIN)
Iniciales del catalogador, CIN (RLIN) me-solo cat
Holdings
Estatus retirado Estado de pérdida Fuente de la clasificación o esquema de estantería Estado de daño No para préstamo Biblioteca de origen Biblioteca actual Fecha de adquisición Total de préstamos Signatura topográfica completa Código de barras Visto por última vez Precio de reemplazo Tipo de ítem Koha Fuente de adquisición
    Clasificación Decimal Dewey     Liberty Liberty 28/11/2025   371.214 BEA 138505 28/11/2025 28/11/2025 Libros  
    Clasificación Decimal Dewey     Liberty Liberty 28/11/2025   371.214 BEA 141963 28/11/2025 28/11/2025 Libros C-BP-007